<?xml version="1.0" encoding="UTF-8"?>
<record
    xmlns:xsi="http://www.w3.org/2001/XMLSchema-instance"
    xsi:schemaLocation="http://www.loc.gov/MARC21/slim http://www.loc.gov/standards/marcxml/schema/MARC21slim.xsd"
    xmlns="http://www.loc.gov/MARC21/slim">

  <leader>00584nam a22001817a 4500</leader>
  <controlfield tag="005">20250404172443.0</controlfield>
  <controlfield tag="008">250404b        |||||||| |||| 00| 0 eng d</controlfield>
  <datafield tag="020" ind1=" " ind2=" ">
    <subfield code="a">9798886130607</subfield>
  </datafield>
  <datafield tag="041" ind1=" " ind2=" ">
    <subfield code="a">eng</subfield>
  </datafield>
  <datafield tag="082" ind1=" " ind2=" ">
    <subfield code="a">658.421 TAM</subfield>
  </datafield>
  <datafield tag="100" ind1=" " ind2=" ">
    <subfield code="a">Tamil Selvan, Ramadoss</subfield>
  </datafield>
  <datafield tag="245" ind1=" " ind2=" ">
    <subfield code="a">Sustainability for Beginners: Introduction and Business Prospects</subfield>
  </datafield>
  <datafield tag="260" ind1=" " ind2=" ">
    <subfield code="a">Singapore</subfield>
    <subfield code="b">World Scientific Pub.</subfield>
    <subfield code="c">2024</subfield>
  </datafield>
  <datafield tag="300" ind1=" " ind2=" ">
    <subfield code="a">233;. pages: 23 cm</subfield>
  </datafield>
  <datafield tag="650" ind1=" " ind2=" ">
    <subfield code="a">Entrepreneurship; Business Enterprises-Environmental Aspects; Sustainable Development</subfield>
  </datafield>
  <datafield tag="700" ind1=" " ind2=" ">
    <subfield code="a">Ramakrishna, Seeram </subfield>
  </datafield>
  <datafield tag="942" ind1=" " ind2=" ">
    <subfield code="c">BK</subfield>
  </datafield>
  <datafield tag="999" ind1=" " ind2=" ">
    <subfield code="c">43576</subfield>
    <subfield code="d">43576</subfield>
  </datafield>
  <datafield tag="952" ind1=" " ind2=" ">
    <subfield code="0">0</subfield>
    <subfield code="1">0</subfield>
    <subfield code="2">ddc</subfield>
    <subfield code="4">0</subfield>
    <subfield code="7">0</subfield>
    <subfield code="a">IMTN</subfield>
    <subfield code="b">IMTN</subfield>
    <subfield code="c">Rack 32-A</subfield>
    <subfield code="d">2025-03-27</subfield>
    <subfield code="e">Raghav Books Private Limited</subfield>
    <subfield code="g">2095.00</subfield>
    <subfield code="i">2374</subfield>
    <subfield code="l">0</subfield>
    <subfield code="o">658.421 TAM</subfield>
    <subfield code="p">33847</subfield>
    <subfield code="r">2025-04-04 00:00:00</subfield>
    <subfield code="t">30</subfield>
    <subfield code="w">2025-02-14</subfield>
    <subfield code="y">BK</subfield>
    <subfield code="z">Dr. Mantha Raghu (Head Librarian)</subfield>
  </datafield>
</record>
